|
|
|
|
| LEADER |
00000nam a22000007a 4500 |
| 005 |
20210923235410.0 |
| 007 |
cr|||| |||| |
| 008 |
210923s2020 es |||||s|||| 00||0 spa d |
| 020 |
|
|
|a 978-84-9123-993-2
|
| 035 |
|
|
|a 33664
|
| 040 |
|
|
|a vLex
|
| 090 |
|
|
|c 12419
|d 12419
|
| 100 |
1 |
|
|a Couto Calviǫ, Roberto
|
| 245 |
1 |
0 |
|a Formacin̤ y forma de los contratos bancarios electrn̤icos
|h [Recurso electrn̤ico] /
|c Roberto Couto Calviǫ
|
| 256 |
|
|
|a Servicio en ln̕ea
|
| 260 |
|
|
|a Madrid:
|b Marcial Pons,
|c 2020
|
| 300 |
|
|
|a 1 recurso electrn̤ico
|
| 500 |
|
|
|a El sector bancario se viene mostrando como uno de los de mayor desarrollo y proyeccin̤ de los servicios de la Sociedad de la Informacin̤ y comercio electrn̤ico. Asimismo, desde una perspectiva jurd̕ico-privada, los problemas fundamentales que suscita el uso de las Tecnologa̕s de la Informacin̤ y las Comunicaciones (TIC), en l︢timo třmino, giran en torno a las cuestiones bs̀icas de la formacin̤ y forma de los contratos. Solo por tales razones, la actualidad y oportunidad del presente estudio resultara̕n justificadas. No obstante, cualquier anl̀isis jurd̕ico de la contratacin̤ bancaria debe superar la complejidad inherente a la dispersin̤ y abundancia de la heterogňea normativa aplicable. A tales retos trata de responder este trabajo, donde junto al estudio dogmt̀ico se une un marcado sentido prc̀tico, sostenidos en la abundante doctrina, tanto nacional como forǹea, y en la numerosa jurisprudencia citadas. En primer třmino se presenta una conceptualizacin̤ y caracterizacin̤ general de la contratacin̤ bancaria electrn̤ica, como paso previo necesario para la determinacin̤ de su rǧimen legal. En una segunda parte, ms̀ nuclear, se encara el tema de la formacin̤ de los contratos bancarios electrn̤icos. Partiendo de la teora̕ y disciplina generales sobre la materia y aspectos concretos vinculados, como las comunicaciones comerciales electrn̤icas, se identifican y analizan las peculiaridades que determina la utilizacin̤ de canales electrn̤icos, prestando especial atencin̤ a las denominadas obligaciones de informacin̤. Finalmente, se realiza un estudio de los principales problemas que, desde un punto de vista formal, presenta la contratacin̤ bancaria electrn̤ica, fundamentalmente anudados al cumplimiento del deber de entrega de la documentacin̤ contractual, concretando cm̤o ha de ser el soporte de la misma y planteando alguna cuestin̤ de calado, como las dificultades derivadas de la eventual necesidad de formalizacin̤ del contrato en documento pb︢lico.
|
| 506 |
1 |
|
|a Disponible solo en los productos indicados
|d vLex Global
|d vLex Global (Academic Edition, excluding Law Schools)
|d vLex Global (U.S. Academic Edition, Law Schools)
|d vLex Global (U.S. Academic Edition, excluding Law Schools)
|d vLex Global (Academic Edition, Law Schools)
|
| 650 |
0 |
4 |
|a Derecho Mercantil y de la Empresa
|z Espaą
|
| 650 |
0 |
4 |
|a Financiero
|z Espaą
|
| 740 |
0 |
|
|a vLex Libros (Servicio en ln̕ea)
|
| 856 |
4 |
0 |
|u https://app.vlex.com/#/sources/33664
|z Acceso restringido
|
| 942 |
|
|
|c BOOK
|
| 999 |
0 |
|
|a Commercial and Company Law
|
| 999 |
0 |
|
|a Financial
|